Southville International School and Colleges
Your cart is empty.
  • Cart
  • Lists
    Public lists Eva Luna New books Lux_list list_1
    Your lists Log in to create your own lists
  • Log in to your account
  • Your cookies
  • Search history
Southville International School and Colleges
  • Advanced search
  • Recent comments
  • Most popular
  • Libraries

Log in to your account

Log in with GOOGLE


If you do not have an external account, but do have a local account, you can still log in:

  1. Home
  2. MARC view: The call of the wild, and White Fang.
Normal view MARC view ISBD view

The call of the wild, and White Fang. (Record no. 110391)

[ view plain ]
MARC details
000 -LEADER
fixed length control field 00473nam a2200169 a 4500
001 - CONTROL NUMBER
control field 4148
005 - DATE AND TIME OF LATEST TRANSACTION
control field 20140414131855.0
008 - FIXED-LENGTH DATA ELEMENTS--GENERAL INFORMATION
fixed length control field 090331s19uu xx 00 eng d
020 ## - INTERNATIONAL STANDARD BOOK NUMBER
International Standard Book Number 1-582791-85-6
050 ## - LIBRARY OF CONGRESS CALL NUMBER
Classification number M 813.52
Item number L84 2001
100 ## - MAIN ENTRY--PERSONAL NAME
Personal name London, Jack, 1876-1916.
245 ## - TITLE STATEMENT
Title The call of the wild, and White Fang.
260 ## - PUBLICATION, DISTRIBUTION, ETC. (IMPRINT)
Place of publication, distribution, etc Naples Florida :
Name of publisher, distributor, etc Trident Press International,
Date of publication, distribution, etc c2001.
300 ## - PHYSICAL DESCRIPTION
Extent 238 p. : cm.
650 ## - SUBJECT ADDED ENTRY--TOPICAL TERM
Topical term or geographic name as entry element Wolfdogs
General subdivision Fiction.
Holdings
Withdrawn status Lost status Damaged status Use restrictions Home library Current library Shelving location Date acquired Source of acquisition Total Checkouts Full call number Barcode Date last seen Price effective from Koha item type
        Munich Library Munich Library Main Section 03/31/2009     M 813.52 L84 2001 M0784 04/14/2014 04/14/2014 Books

The call of the wild, and White Fang.

APA

London J. 1., . (2001). The call of the wild, and White Fang. Naples Florida: Trident Press International.

Chicago

London Jack 1876-1916, . 2001. The call of the wild, and White Fang. Naples Florida: Trident Press International.

Harvard

London J. 1., . (2001). The call of the wild, and White Fang. Naples Florida: Trident Press International.

MLA

London Jack 1876-1916, . The call of the wild, and White Fang. Naples Florida: Trident Press International. 2001.

  • Place hold
  • Print
  • Cite
  • Add to your cart (remove)
  • Save record
    BIBTEX Dublin Core MARCXML MARC (non-Unicode/MARC-8) MARC (Unicode/UTF-8) MARC (Unicode/UTF-8, Standard) MODS (XML) RIS
  • More searches
    Search for this title in:
    Other Libraries (WorldCat) Other Databases (Google Scholar) Online Stores (Bookfinder.com) Open Library (openlibrary.org)

Exporting to Dublin Core...

SOUTHVILLE LIBRARY

Southville International School and Colleges Library

1281 Tropical Ave. Cor. Luxembourg St., BF Homes International, Las Pinas City

Tel. No. 8256374 / 252358 Loc. 117/146

Powered by Koha